000 03318nam a22003977a 4500
005 20100904111728.0
010 _aHIN-90363 B-433904-914
020 _a9788171382194
_c360.00
035 _aHN-62709
035 _aB-433904-914
037 _bDBAD / PUB
037 _bबल्यू बैरी
082 _a
100 _aकमल कुमार
_929980
245 _aपासवर्ड /
_cकमल कुमार
246 _aPassword
_bby Kamal Kumar
260 _aनई दिल्ली
_bसामयिक बुक्स
_c2010
270 _a3320-21, जटवाड़ा, दरियागंज, एन.एस.मार्ग
_bनई दिल्ली
_e110002
300 _a240पृ.
_c22सेमी (सजिल्द)
650 _aहिन्दी कथा साहित्य
_9657
700 _918260
942 _2ddc
_cHN
_h
_mकमल
999 _c43802
_d43802